000 00618nam a22002057a 4500
999 _c9466
_d9466
003 AR-CdUCM
008 190328b ||||| |||| 00| 0 spa d
040 _aMUNICIPALIDAD PROVINCIAL DEL CUSCO
_cBIBLIOTECA MUNICIPAL DEL CUSCO
082 _23ed.
_aC / 869.56 /
_bP45
100 _aPerez Ruibal, Jose Maria
_925673
245 _aLiteratura peruana /
260 _aCusco :
_bOrientación,
_c1974.
300 _a109 pƔginas ;
_c22 cm.
650 _aLiteratura.
_983
650 _aCorrientes literarias.
_925674
650 _aEscuelas literarias.
_925675
650 _aCusco.
_9772
942 _2ddc
_cLIBROS
945 _awfj